00914nas a2200301 4500001001000000003000900010005001700019007000300036008003400039040005400073041000900127072000800136100001600144100001600160100001900176100001900195100001900214100001600233245011700249650002000366650002000386650001400406650001300420650001000433650001600443650002800459773012500487BR0504401BR-BrBNA20231205105623.0ta230509b bl.|||p| |||| 00| 00por d aBR-BrBNAbporcBiblioteca Nacional de Agricultura a(Pt) aL511 aGomes, P.C.1 aRunho, R.C.1 aD'Agostini, P.1 aRostagno, H.S.1 aAlbino, L.F.T.1 aLopes, P.S.1 aExigência de fósforo disponível para frangos de corte machos e fêmeas de 22 a 42 e 43 a 53 dias de idade aFRANGO DE CORTE aVALOR NUTRITIVO aFÓSFORO aCÁLCIO aDIETA aPERFORMANCE aEXIGÊNCIA NUTRICIONAL0 tRevista Brasileira de Zootecnia (Brazil)xISSN 1516-3598g(Nov-Dec 2004), v. 33(6)(Suplemento 1) p. 1734-1746wBR0504401